000 02166nas1a22002651i 4500
001 RU\NLR\Per\773824
005 20260407075717.0
035 _a(NLR Aleph) 003019157
090 _a1851533
_c1851533
100 _a20110603a20109999|||y0rusy50 ca
101 0 _arus
102 _aRU
110 _azu|||||||||
200 1 _aЯзык. Коммуникация. Образование
_eученые записки
_fРост. гос. экон. ун-т (РИНХ), Фак. лингвистики и журналистики
207 0 _aВып. 10 (2010) -
210 _aРостов-на-Дону
_cРГЭУ (РИНХ), Редакционно-издательский центр
_d2010 -
311 _aРанее выходил как: Лингвистические и психолого-педагогические проблемы теории и практики преподавания иностранных языков
430 0 _12001#$aЛингвистические и психолого-педагогические проблемы теории и практики преподавания иностранных языков
_tЛингвистические и психолого-педагогические проблемы теории и практики преподавания иностранных языков
712 0 2 _4570
_aРостовский государственный экономический университет
_bФакультет лингвистики и журналистики
_cРостов-на-Дону
_9578985
_3RU\NLR\AUTH\8810039968
852 _aNLR
_jП28/1995
942 _cSE
980 _aRUSPER